000 00280nam a22001217a 4500
008 190226b xxu||||| |||| 00| 0 eng d
041 _aeng
080 _22nd
_a371
100 _a46
101 _aEDU
245 _aAn Introductory English Grammar
_cStageberg,N.C
942 _2udc
_cBK
999 _c54256
_d54256